[Event "Las Vegas National op"]
[Site "Las Vegas"]
[Date "2024.06.07"]
[Round "3"]
[White "Chasin, Nico Werner"]
[Black "Chirilov, James A"]
[Result "1/2-1/2"]
[WhiteElo "2433"]
[BlackElo "2196"]
[PlyCount "49"]
[EventDate "2024.06.03"]
[EventType "swiss"]
[EventRounds "9"]
[EventCountry "USA"]
[SourceTitle "CBM 220 Extra"]
[Source "ChessBase"]
[SourceDate "2024.07.31"]
[SourceVersion "1"]
[SourceVersionDate "2024.07.31"]
[SourceQuality "1"]

1. d4 Nf6 2. c4 e6 3. Nf3 d5 4. Nc3 dxc4 5. e4 b5 6. e5 Nd5 7. Nxb5 Nb6 8. Be2 Nc6 9. 0-0 Be7 10. Be3 Bb7 11. Rc1 a6 12. Nc3 Qd7 13. b3 cxb3 14. axb3 Nb4 15. Nd2 N4d5 16. Nce4 Nxe3 17. fxe3 Nd5 18. Rf3 0-0 19. Rh3 f5 20. exf6 gxf6 21. Nc4 Nf4 22. Rg3+ Kh8 23. Bf3 Nd5 24. Na5 Nxe3 25. Qd3 1/2-1/2

[Event "Las Vegas National op"]
[Site "Las Vegas"]
[Date "2024.06.07"]
[Round "2"]
[White "Chirilov, James A"]
[Black "Liu, Eric"]
[Result "1-0"]
[WhiteElo "2196"]
[BlackElo "2398"]
[PlyCount "75"]
[EventDate "2024.06.03"]
[EventType "swiss"]
[EventRounds "9"]
[EventCountry "USA"]
[SourceTitle "CBM 220 Extra"]
[Source "ChessBase"]
[SourceDate "2024.07.31"]
[SourceVersion "1"]
[SourceVersionDate "2024.07.31"]
[SourceQuality "1"]

1. e4 e5 2. Nf3 Nc6 3. Bc4 Nf6 4. d3 h6 5. 0-0 d6 6. a4 g6 7. Nc3 Bg7 8. a5 a6 9. h3 0-0 10. Re1 Bd7 11. Be3 Qe8 12. Nh2 Be6 13. Ng4 Kh7 14. Nxf6+ Bxf6 15. Nd5 Bxd5 16. Bxd5 Qc8 17. c3 Bg7 18. Rf1 Ne7 19. Bc4 f5 20. f4 exf4 21. Rf2 f3 22. Rxf3 g5 23. Rf1 fxe4 24. Rxf8 Qxf8 25. dxe4 Ng6 26. Be6 Kh8 27. Qh5 Nf4 28. Bxf4 Qxf4 29. Bf5 Rf8 30. Qg6 Kg8 31. Rf1 Qe3+ 32. Kh1 Rf6 33. Be6+ Rxe6 34. Qxe6+ Kh7 35. Rf7 Qc1+ 36. Kh2 Kh8 37. Qe8+ Kh7 38. Qe7 1-0

[Event "Titled Tuesday intern op 23rd Apr Late"]
[Site "Chess.com INT"]
[Date "2024.04.23"]
[Round "2"]
[White "Chirilov, James A"]
[Black "Leenhouts, Koen"]
[Result "1-0"]
[WhiteElo "2082"]
[BlackElo "2458"]
[PlyCount "83"]
[EventDate "2024.04.23"]
[EventType "swiss (blitz)"]
[EventRounds "11"]
[EventCountry "USA"]
[SourceTitle "CBM 219 Extra"]
[Source "ChessBase"]
[SourceDate "2024.05.31"]
[SourceVersion "1"]
[SourceVersionDate "2024.05.31"]
[SourceQuality "1"]

1. e4 e6 2. d4 d5 3. Nc3 Bb4 4. e5 c5 5. a3 Bxc3+ 6. bxc3 Ne7 7. Qg4 Qc7 8. Qxg7 Rg8 9. Qxh7 cxd4 10. Ne2 Nbc6 11. f4 Bd7 12. Qd3 dxc3 13. Nxc3 a6 14. Rg1 0-0-0 15. g4 Nf5 16. Bd2 Kb8 17. h3 Ncd4 18. 0-0-0 Nb5 19. a4 Nxc3 20. Qxc3 Qb6 21. Bd3 Ne3 22. a5 Nxd1 23. axb6 Nxc3 24. Bxc3 Rh8 25. Rg3 Rh4 26. Bb4 Rdh8 27. Bf1 Bb5 28. Bg2 Bc6 29. Bd6+ Kc8 30. f5 Kd7 31. fxe6+ Kxe6 32. Rf3 R8h6 33. Rf4 Rg6 34. Bf1 f6 35. Rf5 fxe5 36. Bxe5 Rh7 37. Bg3 Rf7 38. Re5+ Kd7 39. Bd3 Rgf6 40. Bf5+ Kd8 41. Bh4 d4 42. Re6 1-0